An introduction to the theory of knowledge / (Record no. 3118)

000 -LEADER
fixed length control field 01891cam a22003974a 4500
001 - CONTROL NUMBER
control field 14636686
003 - CONTROL NUMBER IDENTIFIER
control field OSt
005 - DATE AND TIME OF LATEST TRANSACTION
control field 20160902084642.0
008 - FIXED-LENGTH DATA ELEMENTS--GENERAL INFORMATION
fixed length control field 061116s2007 enk b 001 0 eng
010 ## - LIBRARY OF CONGRESS CONTROL NUMBER
LC control number 2006038544
015 ## - NATIONAL BIBLIOGRAPHY NUMBER
National bibliography number GBA687794
Source bnb
016 7# - NATIONAL BIBLIOGRAPHIC AGENCY CONTROL NUMBER
Record control number 013578264
Source Uk
020 ## - INTERNATIONAL STANDARD BOOK NUMBER
International Standard Book Number 9780521603096 (hardback : alk. paper)
020 ## - INTERNATIONAL STANDARD BOOK NUMBER
International Standard Book Number 9780521842136 (hardback : alk. paper)
020 ## - INTERNATIONAL STANDARD BOOK NUMBER
International Standard Book Number 0521603099 (pbk. : alk. paper)
020 ## - INTERNATIONAL STANDARD BOOK NUMBER
International Standard Book Number 9780521603096 (pbk. : alk. paper)
035 ## - SYSTEM CONTROL NUMBER
System control number (OCoLC)ocm73954891
035 ## - SYSTEM CONTROL NUMBER
System control number (OCoLC)73954891
040 ## - CATALOGING SOURCE
Original cataloging agency DLC
Transcribing agency DLC
Modifying agency DLC
050 00 - LIBRARY OF CONGRESS CALL NUMBER
Classification number BD161.L375 2007
082 00 - DEWEY DECIMAL CLASSIFICATION NUMBER
Classification number 121
Edition number 22
100 1# - MAIN ENTRY--PERSONAL NAME
Personal name Lemos, Noah Marcelino,
Dates associated with a name 1956-
245 13 - TITLE STATEMENT
Title An introduction to the theory of knowledge /
Statement of responsibility, etc Noah Lemos.
260 ## - PUBLICATION, DISTRIBUTION, ETC. (IMPRINT)
Place of publication, distribution, etc Cambridge, UK ;
-- New York :
Name of publisher, distributor, etc Cambridge University Press,
Date of publication, distribution, etc 2007.
300 ## - PHYSICAL DESCRIPTION
Extent x, 232 p. ;
Dimensions 26 cm.
490 1# - SERIES STATEMENT
Series statement Cambridge introductions to philosophy
504 ## - BIBLIOGRAPHY, ETC. NOTE
Bibliography, etc Includes bibliographical references (p. [219]-226) and index.
505 0# - FORMATTED CONTENTS NOTE
Formatted contents note Knowledge, truth, and justification -- The traditional analysis and the Gettier problem -- Foundationalism -- The coherence theory of justification -- Reliabilism and virtue epistemology -- Internalism, externalism, and epistemic circularity -- Skepticism -- The problem of the criterion -- The a priori -- Naturalized epistemology.
650 #0 - SUBJECT ADDED ENTRY--TOPICAL TERM
Topical term or geographic name as entry element Knowledge, Theory of.
856 42 - ELECTRONIC LOCATION AND ACCESS
Materials specified Publisher description
Uniform Resource Identifier <a href="http://www.loc.gov/catdir/enhancements/fy0703/2006038544-d.html">http://www.loc.gov/catdir/enhancements/fy0703/2006038544-d.html</a>
856 41 - ELECTRONIC LOCATION AND ACCESS
Materials specified Table of contents only
Uniform Resource Identifier <a href="http://www.loc.gov/catdir/enhancements/fy0703/2006038544-t.html">http://www.loc.gov/catdir/enhancements/fy0703/2006038544-t.html</a>
856 42 - ELECTRONIC LOCATION AND ACCESS
Materials specified Contributor biographical information
Uniform Resource Identifier <a href="http://www.loc.gov/catdir/enhancements/fy0729/2006038544-b.html">http://www.loc.gov/catdir/enhancements/fy0729/2006038544-b.html</a>
906 ## - LOCAL DATA ELEMENT F, LDF (RLIN)
a 7
b cbc
c orignew
d 1
e ecip
f 20
g y-gencatlg
942 ## - ADDED ENTRY ELEMENTS (KOHA)
Source of classification or shelving scheme
Koha item type Book
Holdings
Withdrawn status Lost status Source of classification or shelving scheme Damaged status Not for loan Home library Current library Shelving location Date acquired Total Checkouts Full call number Barcode Date last seen Copy number Price effective from Koha item type
          Riara University Library Riara University Library General stack 02/09/2016   BD161.L375 2007 7792/16 02/09/2016 C.1 02/09/2016 Book

Riara University Library,
P.O. Box 49940-00100,
Nairobi, Kenya.